Cartoon Fish - Statistics

General Stats
  • This quiz has been taken 65 times
  • The average score is 9 of 16
Answer Stats
Picture Answer % Correct
Nemo
98%
Spongebob Squarepants
96%
Dory
94%
Patrick Star
94%
Flounder
77%
Squidward Tentacles
77%
Mrs. Puff
67%
Pearl Krabs
65%
Bruce
48%
Blinky
31%
Klaus Heisler
31%
Flotsam & Jetsam
29%
Oscar
27%
Cleo
25%
Charlie the Tuna
19%
Ecco the Dolphin
8%
No matching quizzes found
Score Distribution
Percent of People with Each Score
Percentile by Number Answered
Your Score History
You have not taken this quiz